[Event "Legnica Voivoda Cup 38th"]
[Site "Legnica"]
[Date "2024.06.02"]
[Round "7"]
[White "Voloshin, Leonid"]
[Black "Sabuk, Piotr"]
[Result "1/2-1/2"]
[WhiteElo "2400"]
[BlackElo "2406"]
[PlyCount "68"]
[EventDate "2024.05.29"]
[EventType "tourn"]
[EventRounds "9"]
[EventCountry "POL"]
[EventCategory "6"]
[SourceTitle "CBM 220 Extra"]
[Source "ChessBase"]
[SourceDate "2024.07.31"]
[SourceVersion "1"]
[SourceVersionDate "2024.07.31"]
[SourceQuality "1"]

1. d4 Nf6 2. Nf3 d5 3. c4 e6 4. g3 Bb4+ 5. Bd2 a5 6. Qa4+ Bd7 7. Qc2 c5 8. a3 Bxd2+ 9. Nbxd2 cxd4 10. cxd5 0-0 11. Bg2 exd5 12. Nxd4 Nc6 13. Nxc6 bxc6 14. 0-0 Re8 15. e4 Rb8 16. Rfe1 Qb6 17. Rab1 h6 18. b4 Ng4 19. Qc5 axb4 20. axb4 Nf6 21. Qxb6 Rxb6 22. exd5 Rxe1+ 23. Rxe1 Nxd5 24. Bxd5 cxd5 25. Rb1 d4 26. f3 Bb5 27. Rb2 Rc6 28. Nb3 Rc4 29. Rd2 d3 30. Rxd3 Rxb4 31. Rd8+ Kh7 32. Nd2 Bc6 33. Rd6 Bb7 34. h4 g6 1/2-1/2

[Event "Legnica Voivoda Cup 38th"]
[Site "Legnica"]
[Date "2024.05.31"]
[Round "3"]
[White "Mikes, Jan"]
[Black "Sabuk, Piotr"]
[Result "1-0"]
[WhiteElo "2356"]
[BlackElo "2406"]
[PlyCount "87"]
[EventDate "2024.05.29"]
[EventType "tourn"]
[EventRounds "9"]
[EventCountry "POL"]
[EventCategory "6"]
[SourceTitle "CBM 220 Extra"]
[Source "ChessBase"]
[SourceDate "2024.07.31"]
[SourceVersion "1"]
[SourceVersionDate "2024.07.31"]
[SourceQuality "1"]

1. e4 e5 2. Nf3 Nc6 3. d4 exd4 4. Nxd4 Qf6 5. Nb5 Bc5 6. Qe2 Bb6 7. N1c3 Nge7 8. Be3 Ba5 9. 0-0-0 a6 10. Nd5 Nxd5 11. exd5 Ne7 12. Nd4 0-0 13. Nb3 Bb4 14. g4 b5 15. Bg2 Bb7 16. h4 Ng6 17. Rd4 Bd6 18. g5 Qe7 19. Re4 Qd8 20. h5 Ne7 21. g6 f5 22. gxh7+ Kxh7 23. Rd4 Ng8 24. Qd3 Qf6 25. Rg4 Rae8 26. Rg6 Qf7 27. Nd2 Kh8 28. Nf3 Rxe3 29. fxe3 Nh6 30. Qd4 Kg8 31. Rg1 Qe7 32. Bh3 Ng4 33. h6 Rf7 34. Ng5 Be5 35. h7+ Kh8 36. Nxf7+ Qxf7 37. Qa7 Qxg6 38. Qxb7 Qh6 39. Rh1 Qxe3+ 40. Kb1 Bh2 41. d6 Qe5 42. Qg2 c6 43. Bxg4 fxg4 44. Qxh2 1-0

[Event "Legnica Voivoda Cup 38th"]
[Site "Legnica"]
[Date "2024.05.31"]
[Round "4"]
[White "Sabuk, Piotr"]
[Black "Licznerski, Lukasz"]
[Result "1-0"]
[WhiteElo "2406"]
[BlackElo "2418"]
[PlyCount "81"]
[EventDate "2024.05.29"]
[EventType "tourn"]
[EventRounds "9"]
[EventCountry "POL"]
[EventCategory "6"]
[SourceTitle "CBM 220 Extra"]
[Source "ChessBase"]
[SourceDate "2024.07.31"]
[SourceVersion "1"]
[SourceVersionDate "2024.07.31"]
[SourceQuality "1"]

1. d4 Nf6 2. c4 e6 3. Nf3 b6 4. a3 Bb7 5. Nc3 d5 6. cxd5 Nxd5 7. e3 Be7 8. Bd3 0-0 9. 0-0 c5 10. e4 Nxc3 11. bxc3 cxd4 12. cxd4 Nc6 13. Be3 Bf6 14. Bc2 Ba6 15. Re1 Rc8 16. e5 Be7 17. Be4 Na5 18. d5 exd5 19. Bf5 Rc7 20. e6 fxe6 21. Bxe6+ Kh8 22. Rc1 Nc4 23. Bd4 Bb7 24. h4 Bf6 25. h5 Bxd4 26. Qxd4 Qf6 27. Qxf6 Rxf6 28. Nd4 Rf8 29. f4 Re7 30. f5 Nd6 31. g4 Ne4 32. Kg2 Rfe8 33. Kf3 g6 34. Kf4 gxh5 35. gxh5 Nc5 36. Re3 Kg7 37. Rg1+ Kf6 38. Reg3 Rc7 39. Rg8 Nxe6+ 40. fxe6 Rcc8 41. R8g7 1-0

[Event "Katowice Silesia 100th Ann op"]
[Site "Katowice"]
[Date "2024.04.28"]
[Round "10"]
[White "Sabuk, Piotr"]
[Black "Krzyzanowski, Marcin"]
[Result "0-1"]
[WhiteElo "2406"]
[BlackElo "2510"]
[PlyCount "80"]
[EventDate "2024.04.27"]
[EventType "swiss (rapid)"]
[EventRounds "11"]
[EventCountry "POL"]
[SourceTitle "CBM 220 Extra"]
[Source "ChessBase"]
[SourceDate "2024.07.31"]
[SourceVersion "1"]
[SourceVersionDate "2024.07.31"]
[SourceQuality "1"]

1. d4 Nf6 2. c4 e6 3. Nc3 Bb4 4. e3 0-0 5. Bd3 Re8 6. Bd2 d5 7. Nf3 Nbd7 8. Rc1 a6 9. 0-0 dxc4 10. Bxc4 b5 11. Be2 Bd6 12. e4 e5 13. Bg5 h6 14. Bh4 Bb7 15. dxe5 Nxe5 16. Nxe5 Bxe5 17. f3 Qe7 18. Qe1 Rad8 19. a4 b4 20. Nd1 Qd6 21. Bg3 Bxg3 22. hxg3 Nh5 23. Kh2 Re5 24. Ne3 Nxg3 25. Kxg3 Rxe4+ 26. Kf2 Rxe3 27. Rd1 Qc5 28. Rxd8+ Re8+ 29. Kg3 Rxd8 30. Qc1 Qe5+ 31. Kf2 Qd4+ 32. Qe3 Qxb2 33. Rc1 a5 34. Qe7 Qxc1 35. Qxd8+ Kh7 36. Bd3+ g6 37. Qd7 Qc5+ 38. Kf1 Qd5 39. Bxg6+ Kxg6 40. Qg4+ Kh7 0-1

[Event "Katowice Silesia 100th Ann op"]
[Site "Katowice"]
[Date "2024.04.27"]
[Round "2"]
[White "Sabuk, Piotr"]
[Black "Drabiniok, Kazimierz"]
[Result "1-0"]
[WhiteElo "2406"]
[BlackElo "1866"]
[PlyCount "85"]
[EventDate "2024.04.27"]
[EventType "swiss (rapid)"]
[EventRounds "11"]
[EventCountry "POL"]
[SourceTitle "CBM 220 Extra"]
[Source "ChessBase"]
[SourceDate "2024.07.31"]
[SourceVersion "1"]
[SourceVersionDate "2024.07.31"]
[SourceQuality "1"]

1. d4 d6 2. Nf3 g6 3. e4 Bg7 4. Bc4 Nc6 5. c3 e5 6. Bg5 Bf6 7. Be3 Bg4 8. d5 Nce7 9. Be2 Bxf3 10. Bxf3 Bg7 11. g4 Qd7 12. c4 a6 13. Nc3 f5 14. Rg1 f4 15. Bd2 g5 16. h4 h6 17. Rh1 Nf6 18. Be2 Ng6 19. h5 Nh4 20. Rg1 0-0 21. f3 c6 22. Kf2 Qc7 23. Qb3 cxd5 24. cxd5 Qc5+ 25. Kf1 b5 26. Rc1 Qd4 27. Be1 Nxf3 28. Bxf3 Qe3 29. Ne2 Nd7 30. Bf2 Qxb3 31. axb3 Rfc8 32. Kg2 Nc5 33. Rc3 b4 34. Rc4 Nxb3 35. Rxb4 Rab8 36. Rxb8 Rxb8 37. Be1 Bf8 38. Bc3 Be7 39. Nc1 Nc5 40. Rd1 Na4 41. Nd3 Rb3 42. Rc1 Kf7 43. Bd1 1-0

[Event "Seville op 49th"]
[Site "Seville"]
[Date "2024.01.15"]
[Round "4"]
[White "Petkov, Momchil"]
[Black "Sabuk, Piotr"]
[Result "1-0"]
[WhiteElo "2498"]
[BlackElo "2387"]
[PlyCount "73"]
[EventDate "2024.01.12"]
[EventType "swiss"]
[EventRounds "9"]
[EventCountry "ESP"]
[SourceTitle "CBM 218 Extra"]
[Source "ChessBase"]
[SourceDate "2024.03.31"]
[SourceVersion "1"]
[SourceVersionDate "2024.03.31"]
[SourceQuality "1"]

1. e4 e5 2. Nf3 Nc6 3. Bb5 a6 4. Ba4 Bc5 5. c3 Nge7 6. d4 exd4 7. cxd4 Bb4+ 8. Nc3 d5 9. e5 Bg4 10. a3 Ba5 11. Be3 0-0 12. Bc2 Bxc3+ 13. bxc3 Qd7 14. h3 Bf5 15. 0-0 Na5 16. Nh4 Bxc2 17. Qxc2 f5 18. exf6 Rxf6 19. Bg5 Re6 20. f4 Rf8 21. Rae1 Nc4 22. Rxe6 Qxe6 23. f5 Qf7 24. f6 Nd6 25. Rf3 Ng6 26. Nf5 Nxf5 27. Qxf5 c6 28. h4 gxf6 29. Bh6 Re8 30. h5 Ne7 31. Rg3+ Kh8 32. Qd7 Qxh5 33. Bg7+ Kg8 34. Bxf6+ Kf7 35. Be5 Qd1+ 36. Kh2 Qh5+ 37. Rh3 1-0

[Event "Titled Tuesday intern op 19th Dec Late"]
[Site "Chess.com INT"]
[Date "2023.12.19"]
[Round "9"]
[White "Sabuk, Piotr"]
[Black "Pakleza, Zbigniew"]
[Result "0-1"]
[WhiteElo "2384"]
[BlackElo "2482"]
[PlyCount "60"]
[EventDate "2023.12.19"]
[EventType "swiss (blitz)"]
[EventRounds "11"]
[EventCountry "USA"]
[SourceTitle "EXT 2025"]
[Source "ChessBase"]
[SourceDate "2024.10.14"]
[SourceVersion "1"]
[SourceVersionDate "2024.10.14"]
[SourceQuality "1"]

1. d4 d5 2. c4 c6 3. Nf3 Nf6 4. Nc3 Qb6 5. g3 Bf5 6. Qb3 e6 7. c5 Qc7 8. Bf4 Qc8 9. Bg2 h6 10. 0-0 Nbd7 11. Rac1 Be7 12. Bd6 Bxd6 13. cxd6 Qb8 14. Qa3 0-0 15. Ne5 Rd8 16. f3 Bh7 17. e4 Nb6 18. b3 dxe4 19. Nxe4 Bxe4 20. fxe4 Qxd6 21. Qxd6 Rxd6 22. Nc4 Rxd4 23. e5 Nxc4 24. bxc4 Nd7 25. Rfd1 Rxd1+ 26. Rxd1 Nxe5 27. c5 Kf8 28. Rb1 Rb8 29. Rb3 Nd7 30. Bxc6 bxc6 0-1